000 01120nam a2200277 a 4500
001 000010132
005 20240520194921.0
008 091005s2009 dr ac r 000 0 spa d
020 _a9789945870503
040 _aDO-SdBNP
_bspa
_cBNPHU
082 _a633.74
_bG216i
100 1 _aGarcía Salazar, Gregorio,
_d1959-
_925127
245 1 0 _aImpacto de la agroforestería :
_bcacao en República Dominicana /
_cGregorio García Salazar ; ilustraciones Felino Bueno y Greymi García Garabito.
260 _aSanto Domingo :
_bTalleres Gráficos 16,
_c2009.
300 _a188 p. :
_bil., retrs. ;
_c23 cm.
500 _aIncluye datos biográficos del autor en la solapas
504 _aBiibliografía : p. 183-188
504 _aIncluye referencias bibliográficas y notas al pie de las páginas
590 _aInventariado, 2018/BT
650 4 _aAgricultura
_zRepública Dominicana
_91568
650 4 _aCacao
_xRepública dominicana
_xHistoria
_925128
650 0 _aAforestación
_97850
700 1 2 _aBueno, Felino,
_eil.
_925130
700 1 2 _aGarcía Garabito, Greymi,
_eil.
_925131
910 _aValidado. Control de calidad. MFF
999 _c9891
_d9891